000 00389pab a2200145 454500
008 180718b2000 xxu||||| |||| 00| 0 eng d
100 _aMajumder, Bhasker
245 _aGlobalization and marginalization of countries: facts and possibilities
260 _c2000
300 _ap.369-85
362 _aJul-Dec
650 _aGlobalization
773 _aManagement and Change
909 _a48490
999 _c48490
_d48490